| 000 | 01369nam a2200313 4500 | ||
|---|---|---|---|
| 003 | EG-GICUC | ||
| 005 | 20260121101335.0 | ||
| 008 | 251123s1988 US ||||fr|||| 00| 0 eng d | ||
| 040 |
_aEG-GiCUC _beng _cEG-GiCUC _dEG-GiCUC _erda |
||
| 041 | _aeng | ||
| 082 | 0 | 4 |
_221 _a341.48 _bS T . U |
| 092 | 0 | 4 | _221 |
| 099 | _aLaw1 11 341.48 S T . U 1988 | ||
| 110 | _kStudie- en informatiecentrum Mensenrechten (SIM) | ||
| 245 | 1 | 4 |
_aThe Universal declaration of human rights : _bits significance in 1988 : report of the Maastricht/Utrecht workshop held from 8 to 10 December 1988 on the occasion of the 40th anniversary of the Universal declaration / _cStudie- en informatiecentrum Mensenrechten (SIM). |
| 264 |
_aUtrecht : _bStudie- en Informatiecentrum Mensenrechten, _c[1988]. |
||
| 300 |
_a104 pages ; _c24 cm. |
||
| 336 |
_2rda content _atext |
||
| 337 |
_2rda media _aComputer |
||
| 338 |
_2rda carrier _aOnline Resource |
||
| 500 | _aConference organized by Netherlands Institute of Human Rights and the Department of International Law of the University of Limburg. | ||
| 500 | _aIncludes text of the Declaration in Dutch, English, French, German, and Spanish. | ||
| 546 | _aMultilingual | ||
| 650 | 1 |
_aHuman Rights _2qrmak |
|
| 651 | 1 | _2qrmak | |
| 856 | 4 | 0 | _uhttps://fll.law.cu.edu.eg/fulltext/bks/B11-05999.pdf |
| 905 |
_a75 _eYara |
||
| 942 |
_2ddc _n0 _cBK _e21 |
||
| 999 |
_c45487 _d45487 |
||